[Event "II Zimowy Turniej Klubu Polonia Wroclaw "]
[Site "Wroclaw"]
[Date "2011.??.??"]
[Round "4.5"]
[White "Jankowski, Aleksander"]
[Black "Somyk, Marcin"]
[Result "0-1"]
[WhiteElo "1700"]
[BlackElo "1895"]
[PlyCount "60"]
[EventDate "2011.??.??"]

1. e4 c5 2. Nc3 a6 3. a4 Nc6 4. f4 e6 5. Nf3 Nge7 6. g3 d5 7. d3 g6 8. Bg2 Bg7
9. Bd2 O-O 10. O-O Rb8 11. Nh4 f5 12. e5 b5 13. axb5 axb5 14. Ne2 Qb6 15. Nf3
h6 16. Qe1 b4 17. Qf2 Ba6 18. b3 Bb5 19. Ra2 Rfc8 20. Rfa1 Bf8 21. Be3 Nd8 22.
h3 Qc7 23. g4 Nb7 24. gxf5 Nxf5 25. Nh4 Qf7 26. Ra7 Nxe3 27. Qxe3 c4 28. Qg3
Bc5+ 29. Kh1 cxd3 30. Nxg6 Kh7 0-1

[Event "II Zimowy Turniej Klubu Polonia Wroclaw "]
[Site "Wroclaw"]
[Date "2011.??.??"]
[Round "4.6"]
[White "Grochocinska, Urszula"]
[Black "Szyler, Bartosz"]
[Result "1-0"]
[WhiteElo "1753"]
[BlackElo "1569"]
[PlyCount "75"]
[EventDate "2011.??.??"]

1. e4 e5 2. Bc4 Nc6 3. d3 Bc5 4. Nc3 d6 5. a3 Nf6 6. Na4 Bb6 7. Nxb6 axb6 8.
Bg5 h6 9. Bh4 Na5 10. Ba2 Be6 11. b3 Nc6 12. f4 exf4 13. d4 g5 14. Bf2 Nxe4 15.
Qd3 Nxf2 16. Kxf2 Qf6 17. Ne2 Qf5 18. Qc3 g4 19. d5 O-O-O 20. dxe6 g3+ 21. Ke1
Qe4 22. Kd2 Qd5+ 23. Qd3 Qxg2 24. Rag1 f3 25. Rxg2 fxg2 26. Nxg3 gxh1=Q 27.
Nxh1 fxe6 28. Qh3 Rde8 29. b4 Kd7 30. Nf2 Ne5 31. Ne4 Rhf8 32. Qxh6 Rh8 33.
Bxe6+ Kc6 34. b5+ Kxb5 35. Nc3+ Kc5 36. Qe3+ Kc6 37. Qe4+ Kc5 38. Qd5# 1-0

[Event "II Zimowy Turniej Klubu Polonia Wroclaw "]
[Site "Wroclaw"]
[Date "2011.??.??"]
[Round "4.8"]
[White "Maczka, Miroslawa"]
[Black "Skrzypinski, Maciej"]
[Result "0-1"]
[WhiteElo "1528"]
[BlackElo "1668"]
[PlyCount "60"]
[EventDate "2011.??.??"]

1. c4 g6 2. Nc3 Bg7 3. Nf3 d6 4. e3 Nf6 5. Be2 e5 6. d3 O-O 7. O-O Bf5 8. Bd2
Nc6 9. a3 a5 10. Nh4 Be6 11. Rb1 e4 12. dxe4 Nxe4 13. Nxe4 Qxh4 14. Qc2 Bf5 15.
f3 Rfe8 16. Qb3 Bxe4 17. fxe4 Be5 18. Rf4 Bxf4 19. exf4 Nd4 20. Qd3 Nxe2+ 21.
Qxe2 Re6 22. Qf3 Rae8 23. g3 Qe7 24. Bxa5 Rxe4 25. Rc1 b6 26. Bd2 Re2 27. Bc3
Qe4 28. Rf1 Qxf3 29. Rxf3 R8e4 30. b3 R4e3 0-1

[Event "II Zimowy Turniej Klubu Polonia Wroclaw"]
[Site "Wroclaw"]
[Date "2011.??.??"]
[Round "5"]
[White "Grabarczyk, Miroslaw"]
[Black "Grochocinska, Urszula"]
[Result "1-0"]
[WhiteElo "2438"]
[BlackElo "1753"]
[PlyCount "55"]
[EventDate "2011.??.??"]

1. d4 d5 2. c4 e6 3. Nf3 c5 4. cxd5 exd5 5. g3 Nc6 6. Bg2 Nf6 7. O-O Be7 8. Nc3
O-O 9. Bg5 cxd4 10. Nxd4 h6 11. Be3 Bg4 12. h3 Bh5 13. Nf5 Re8 14. Nxd5 Nxd5
15. Bxd5 Bxe2 16. Bxf7+ Kxf7 17. Qxe2 Kf8 18. Rad1 Qa5 19. Qg4 Bf6 20. Nd6 Ne5
21. Qf5 Re7 22. Qh7 Qxa2 23. Nf5 Rc7 24. Nxh6 Qe6 25. Qh8+ Ke7 26. Qxa8 Nf3+
27. Kg2 gxh6 28. Qd8+ 1-0

[Event "II Zimowy Turniej Klubu Polonia Wroclaw"]
[Site "Wroclaw"]
[Date "????.??.??"]
[Round "5"]
[White "Somyk, Marcin"]
[Black "Stankiewicz, Pawel"]
[Result "1/2-1/2"]
[WhiteElo "1895"]
[BlackElo "2005"]
[PlyCount "81"]

1. e4 c5 2. Nf3 d6 3. Bb5+ Bd7 4. Bxd7+ Qxd7 5. c4 Nc6 6. Nc3 Nd4 7. d3 g6 8.
Nxd4 cxd4 9. Ne2 Bg7 10. O-O e6 11. f4 Ne7 12. Ng3 f5 13. exf5 Nxf5 14. Ne4 O-O
15. Rb1 d5 16. cxd5 exd5 17. Ng5 Rae8 18. Qg4 Qa4 19. Bd2 Qc2 20. Bb4 Rf6 21.
Qf3 Ne3 22. Rbe1 Qxd3 23. Qh3 h6 24. Qd7 Ra8 25. Qxb7 Re8 26. Qd7 Rb8 27. Be7
Qf5 28. Qxa7 Rfb6 29. Bd6 R6b7 30. Qa6 Rxb2 31. Bxb8 hxg5 32. Rxe3 dxe3 33. Be5
e2 34. Re1 Bxe5 35. fxe5 d4 36. Qc4+ Kh7 37. Qxd4 Rb1 38. Qf2 Qe4 39. Qf7+ Kh8
40. Qf8+ Kh7 41. Qf7+ 1/2-1/2

[Event "II Zimowy Turniej Klubu Polonia Wroclaw "]
[Site "Wroclaw"]
[Date "2011.??.??"]
[Round "5.3"]
[White "Czyz, Artur"]
[Black "White, John"]
[Result "1-0"]
[WhiteElo "2084"]
[BlackElo "1963"]
[PlyCount "85"]
[EventDate "2011.??.??"]

1. d4 Nf6 2. Nf3 g6 3. g3 Bg7 4. Bg2 O-O 5. O-O d5 6. c4 dxc4 7. Na3 c3 8. bxc3
c5 9. Ne5 Nc6 10. Nxc6 bxc6 11. Bxc6 Bh3 12. Re1 Rc8 13. Bf3 Qa5 14. Bb2 Rfd8
15. e4 h5 16. Qe2 Bg4 17. e5 Bxf3 18. Qxf3 Ng4 19. h3 cxd4 20. hxg4 dxc3 21.
Bc1 hxg4 22. Qxg4 Bxe5 23. Nc2 Qc7 24. Be3 Rb8 25. Bd4 Rxd4 26. Nxd4 c2 27.
Nxc2 Bxa1 28. Nxa1 Qa5 29. Qe2 e6 30. Nb3 Qb4 31. Kg2 a5 32. Qe4 Qb6 33. Nd4
Rd8 34. Nf3 Rd5 35. Rb1 Qd8 36. Qf4 g5 37. Qe4 Kg7 38. Rh1 Qg8 39. Qc4 Qd8 40.
Qc3+ f6 41. Qc2 f5 42. Qc3+ Kg6 43. Ne5+ 1-0

[Event "II Zimowy Turniej Klubu Polonia Wroclaw "]
[Site "Wroclaw"]
[Date "2011.??.??"]
[Round "5.4"]
[White "Lachowicz, Judyta"]
[Black "Dudek, Dawid"]
[Result "1/2-1/2"]
[WhiteElo "1744"]
[BlackElo "1897"]
[PlyCount "72"]
[EventDate "2011.??.??"]

1. e4 c6 2. c4 d5 3. cxd5 cxd5 4. exd5 Qxd5 5. Nc3 Qd8 6. d4 e6 7. Nf3 Nf6 8.
Bc4 Be7 9. O-O O-O 10. Bg5 a6 11. a3 b5 12. Bb3 Bb7 13. d5 Nxd5 14. Bxd5 exd5
15. Bxe7 Qxe7 16. Nxd5 Qd6 17. Ne3 Qxd1 18. Rfxd1 Bxf3 19. gxf3 Nc6 20. Rac1
Rfc8 21. Rd6 Ne5 22. Rxc8+ Rxc8 23. f4 Nc4 24. Nxc4 bxc4 25. Rxa6 f6 26. Rb6 c3
27. bxc3 Rxc3 28. a4 Rc4 29. a5 Rxf4 30. a6 Ra4 31. Rb8+ Kf7 32. Rb7+ Kg6 33.
a7 h5 34. Kg2 Ra3 35. Rc7 Kh6 36. Rf7 Kg6 1/2-1/2

[Event "II Zimowy Turniej Klubu Polonia Wroclaw "]
[Site "Wroclaw"]
[Date "2011.??.??"]
[Round "5.5"]
[White "Skrzypinski, Maciej"]
[Black "Kania, Przemyslaw"]
[Result "1/2-1/2"]
[WhiteElo "1668"]
[BlackElo "1831"]
[PlyCount "120"]
[EventDate "2011.??.??"]

1. d4 Nf6 2. c4 g6 3. Nc3 Bg7 4. Nf3 O-O 5. g3 d6 6. Bg2 Nc6 7. O-O e5 8. d5
Ne7 9. e4 Ne8 10. b4 a5 11. bxa5 Rxa5 12. a4 c6 13. Nd2 Nc7 14. Nb3 Ra8 15.
dxc6 bxc6 16. Ba3 c5 17. Nb5 Nxb5 18. axb5 Be6 19. Qc2 Nc8 20. Bb2 Nb6 21. Rxa8
Qxa8 22. Ra1 Qb8 23. Bf1 f5 24. Na5 fxe4 25. Qxe4 d5 26. cxd5 Bxd5 27. Bc4 Bxc4
28. Nxc4 Re8 29. Ra6 Nxc4 30. Qxc4+ Kh8 31. Qxc5 Qd8 32. Rd6 Qa5 33. Qc6 Qe1+
34. Kg2 Rf8 35. Qc2 Qb4 36. Rd5 Rb8 37. Qe2 Re8 38. Bxe5 Kg8 39. f4 g5 40. Qd3
gxf4 41. Bxg7 Kxg7 42. Rd7+ Kf6 43. Rd6+ Kg7 44. Rd7+ Kf6 45. Qd6+ Qxd6 46.
Rxd6+ Ke5 47. Rd2 Rb8 48. Rb2 fxg3 49. hxg3 Kd5 50. Kf3 Kc5 51. b6 Rxb6 52.
Rxb6 Kxb6 53. Ke4 Kc5 54. Ke5 Kc4 55. Ke4 Kc3 56. g4 Kd2 57. g5 Ke2 58. Kf4 Kf2
59. Kg4 Kg2 60. g6 hxg6 1/2-1/2

[Event "II Zimowy Turniej Klubu Polonia Wroclaw "]
[Site "Wroclaw"]
[Date "2011.??.??"]
[Round "5.6"]
[White "Jagiela, Piotr"]
[Black "Muzyka, Dominik"]
[Result "1-0"]
[WhiteElo "1797"]
[BlackElo "1541"]
[PlyCount "120"]
[EventDate "2011.??.??"]

1. c4 Nf6 2. g3 g6 3. Bg2 Bg7 4. Nc3 d6 5. d4 O-O 6. b3 c5 7. e3 Nc6 8. Nge2
Bf5 9. O-O a6 10. dxc5 dxc5 11. Bxc6 bxc6 12. Qxd8 Rfxd8 13. Ba3 Ne4 14. Rac1
Rd2 15. f3 Nxc3 16. Nxc3 Bxc3 17. Rxc3 Bh3 18. Rfc1 Rg2+ 19. Kh1 Rd8 20. Rg1
Rxa2 21. Bc1 a5 22. e4 Rf2 23. Bh6 Bf1 24. Rxf1 Rxf1+ 25. Kg2 Rfd1 26. Rc2 Ra1
27. Be3 Rd3 28. Bxc5 Rxb3 29. Bxe7 a4 30. Bf6 Rd1 31. f4 a3 32. Kh3 Rb4 33. Ra2
Rd3 34. Rc2 Ra4 35. Ra2 Rxc4 36. Kg4 h6 37. e5 Rb4 38. Rc2 Rb6 39. f5 Rd4+ 40.
Kh3 gxf5 41. e6 Re4 42. e7 Rb8 43. Rd2 Re8 44. Rd8 R4xe7 45. Bxe7 Rxd8 46. Bxd8
Kg7 47. Ba5 Kg6 48. Bc3 Kg5 49. Bd2+ Kg6 50. Kg2 a2 51. Bc3 Kg5 52. Kf3 c5 53.
h4+ Kg6 54. Kf4 f6 55. Ba1 c4 56. Bc3 Kf7 57. Kxf5 Ke7 58. Bxf6+ Kd6 59. Bc3
Kd5 60. g4 Kc5 1-0

[Event "II Zimowy Turniej Klubu Polonia Wroclaw "]
[Site "Wroclaw"]
[Date "2011.??.??"]
[Round "5.7"]
[White "Szyler, Bartosz"]
[Black "Jankowski, Aleksander"]
[Result "1-0"]
[WhiteElo "1569"]
[BlackElo "1700"]
[PlyCount "43"]
[EventDate "2011.??.??"]

1. e4 e6 2. d4 d5 3. e5 c5 4. Nf3 Nc6 5. Bd3 cxd4 6. O-O Bd7 7. Re1 Nb4 8. Bf1
Rc8 9. Nxd4 Bc5 10. a3 Bxd4 11. axb4 Bb6 12. c3 Ne7 13. Bg5 h6 14. Bh4 Bc6 15.
b5 Bd7 16. Bd3 Qc7 17. Na3 Nf5 18. Bg3 g5 19. Bxf5 exf5 20. e6 Qc5 21. exd7+
Kxd7 22. Re5 1-0

[Event "II Zimowy Turniej Klubu Polonia Wroclaw"]
[Site "Wroclaw"]
[Date "2011.??.??"]
[Round "6"]
[White "Czyz, Artur"]
[Black "Grabarczyk, Miroslaw"]
[Result "0-1"]
[WhiteElo "2084"]
[BlackElo "2438"]
[PlyCount "72"]
[EventDate "2011.??.??"]

1. e4 c6 2. d4 d5 3. Nc3 g6 4. e5 Bg7 5. f4 Nh6 6. Nf3 Bg4 7. Bd3 Nf5 8. Bxf5
Bxf5 9. O-O e6 10. Be3 Nd7 11. Ne2 Qb6 12. b3 O-O 13. Ng3 Bg4 14. Qd2 Bxf3 15.
Rxf3 a5 16. Bf2 Rfc8 17. c4 Qb4 18. Qc2 a4 19. a3 axb3 20. Rxb3 Qa4 21. Qb2
Qxc4 22. Rxb7 Rcb8 23. a4 Bf8 24. a5 Qa6 25. Rxb8 Rxb8 26. Qc2 Bb4 27. Nf1 Rb5
28. Ne3 Rxa5 29. Rxa5 Bxa5 30. Ng4 h5 31. Ne3 Bb4 32. h3 Qa1+ 33. Nf1 Bc3 34.
Qd3 Be1 35. Bxe1 Qxe1 36. Qa6 Qe4 0-1

[Event "II Zimowy Turniej Klubu Polonia Wroclaw"]
[Site "Wroclaw"]
[Date "????.??.??"]
[Round "6"]
[White "Stankiewicz, Pawel"]
[Black "Wrobel, Maciej"]
[Result "1-0"]
[WhiteElo "2005"]
[BlackElo "1895"]
[PlyCount "33"]

1. e4 e5 2. Nf3 Nc6 3. Bb5 f5 4. d3 fxe4 5. dxe4 Nf6 6. Nc3 Bc5 7. O-O d6 8.
Bg5 Be6 9. Nd5 Bxd5 10. Bxf6 Qxf6 11. Qxd5 O-O-O 12. Bxc6 bxc6 13. Qxc6 g5 14.
Ne1 h5 15. Nd3 Bb6 16. a4 a5 17. b4 1-0

[Event "II Zimowy Turniej Klubu Polonia Wroclaw "]
[Site "Wroclaw"]
[Date "2011.??.??"]
[Round "6.3"]
[White "Dudek, Dawid"]
[Black "Somyk, Marcin"]
[Result "1/2-1/2"]
[WhiteElo "1897"]
[BlackElo "1895"]
[PlyCount "86"]
[EventDate "2011.??.??"]

1. c4 e5 2. Nc3 Nf6 3. Nf3 Nc6 4. g3 d5 5. cxd5 Nxd5 6. Bg2 Be7 7. Nxd5 Qxd5 8.
O-O O-O 9. Qc2 e4 10. Ne1 Nd4 11. Qxe4 Qxe4 12. Bxe4 Nxe2+ 13. Kg2 c6 14. Nf3
Nxc1 15. Raxc1 Be6 16. b3 Rad8 17. d4 Bf6 18. Rfd1 Bd5 19. Bxd5 Rxd5 20. Rc5
Rfd8 21. Rxd5 Rxd5 22. Kf1 c5 23. Re1 Kf8 24. dxc5 Rxc5 25. Re2 Rc1+ 26. Kg2 b5
27. Ne5 Rc7 28. Ng4 Bc3 29. Rc2 Ke7 30. Ne3 Kd6 31. a4 a6 32. axb5 axb5 33.
Nc4+ Rxc4 34. bxc4 b4 35. Kf3 Kc5 36. Ke2 Kxc4 37. Kd1 Kd3 38. Re2 b3 39. Re3+
Kc4 40. Re7 Kd3 41. Re3+ Kc4 42. Re7 Kd3 43. Rxf7 Bf6 1/2-1/2

[Event "II Zimowy Turniej Klubu Polonia Wroclaw "]
[Site "Wroclaw"]
[Date "2011.??.??"]
[Round "6.4"]
[White "Jagiela, Piotr"]
[Black "Szyler, Bartosz"]
[Result "1-0"]
[WhiteElo "1797"]
[BlackElo "1569"]
[PlyCount "81"]
[EventDate "2011.??.??"]

1. d4 Nf6 2. g3 g6 3. Bg2 Bg7 4. e4 d6 5. Ne2 O-O 6. h3 e5 7. O-O Nc6 8. d5 Ne7
9. Kh2 Nh5 10. g4 Nf4 11. Nxf4 exf4 12. c3 f5 13. gxf5 gxf5 14. Bxf4 fxe4 15.
Bg3 Bf5 16. Nd2 Nxd5 17. Nxe4 Ne7 18. Ng5 d5 19. Re1 Qd7 20. Nf3 c6 21. Nd4
Rae8 22. Qd2 Ng6 23. Rxe8 Rxe8 24. Re1 Be4 25. f3 Bxd4 26. fxe4 Be5 27. Bxe5
Rxe5 28. exd5 Rxe1 29. Qxe1 cxd5 30. Qf2 b6 31. Kg1 Ne7 32. Qf6 Nf5 33. Kf2 d4
34. Be4 Ne3 35. cxd4 Nd1+ 36. Ke1 Nxb2 37. Bf5 Nd3+ 38. Kd2 Nc5 39. Kc3 Na4+
40. Kb4 Nc3 41. Be6+ 1-0

[Event "II Zimowy Turniej Klubu Polonia Wroclaw "]
[Site "Wroclaw"]
[Date "2011.??.??"]
[Round "6.5"]
[White "Grochocinska, Urszula"]
[Black "Skrzypinski, Maciej"]
[Result "0-1"]
[WhiteElo "1753"]
[BlackElo "1668"]
[PlyCount "96"]
[EventDate "2011.??.??"]

1. e4 d6 2. d4 Nf6 3. Nc3 g6 4. Bd3 Bg7 5. Nge2 O-O 6. f3 c6 7. Be3 Qb6 8. Qd2
Qxb2 9. Rb1 Qa3 10. Rb3 Qa5 11. O-O Nbd7 12. f4 e5 13. f5 exd4 14. Nxd4 Nc5 15.
Rbb1 Nxd3 16. Qxd3 Ng4 17. Bg5 Qe5 18. Nf3 Qxc3 19. Qxd6 Re8 20. Rb3 Qxc2 21.
h3 Ne5 22. fxg6 hxg6 23. Bf6 Bxf6 24. Qxf6 Qc5+ 25. Kh1 Qe7 26. Qf4 Nxf3 27.
Rbxf3 Be6 28. Qh6 Qf8 29. Qg5 Qg7 30. h4 Bc4 31. Rc1 Re5 32. Qf4 Bxa2 33. Rd1
Be6 34. Rfd3 a5 35. g4 a4 36. g5 Re8 37. R1d2 Bc4 38. Rd4 b5 39. Rg2 Rxe4 40.
Rxe4 Rxe4 41. Qxe4 Bd5 42. Qe8+ Qf8 43. Qe2 Qd8 44. Kg1 Bxg2 45. Qxg2 Qd4+ 46.
Kf1 a3 47. h5 Qd1+ 48. Kf2 Qd2+ 0-1

[Event "II Zimowy Turniej Klubu Polonia Wroclaw "]
[Site "Wroclaw"]
[Date "2011.??.??"]
[Round "6.7"]
[White "White, John"]
[Black "Maczka, Miroslawa"]
[Result "1-0"]
[WhiteElo "1963"]
[BlackElo "1528"]
[PlyCount "83"]
[EventDate "2011.??.??"]

1. d4 Nf6 2. c4 d5 3. cxd5 Qxd5 4. Nc3 Qa5 5. Nf3 e6 6. e3 c5 7. Bd3 Nc6 8. O-O
cxd4 9. exd4 Bb4 10. Bd2 O-O 11. a3 Be7 12. Re1 Rd8 13. Qe2 Qh5 14. Be3 Nd5 15.
Ne4 f5 16. Ng3 Qe8 17. Bd2 h6 18. Bc4 Bf6 19. Nxf5 Bd7 20. Nd6 Qf8 21. Nxb7 Re8
22. Be3 a5 23. Nc5 Ra7 24. Nxd7 Rxd7 25. Rad1 Rb8 26. Bxh6 Re7 27. Bg5 a4 28.
Bxf6 Qxf6 29. Bxd5 exd5 30. Qd2 Reb7 31. Qc2 Rb3 32. Re3 Rxb2 33. Qxa4 Ra2 34.
Rc1 Ne7 35. Qd7 Kf8 36. Rce1 Re8 37. a4 g5 38. h3 Kf7 39. Re6 Qf4 40. Rxe7+
Rxe7 41. Qxe7+ Kg6 42. Qe6+ 1-0

[Event "II Zimowy Turniej Klubu Polonia Wroclaw "]
[Site "Wroclaw"]
[Date "2011.??.??"]
[Round "6.8"]
[White "Kania, Przemyslaw"]
[Black "Lascar, Radoslawa"]
[Result "1-0"]
[WhiteElo "1831"]
[BlackElo "1528"]
[PlyCount "119"]
[EventDate "2011.??.??"]

1. d4 d5 2. Nf3 e6 3. c4 Nf6 4. Nc3 Be7 5. Bg5 O-O 6. e3 b6 7. cxd5 Nxd5 8.
Bxe7 Qxe7 9. Rc1 Bb7 10. Bd3 Rd8 11. O-O Nb4 12. Bb1 c5 13. Qe2 cxd4 14. exd4
Qf6 15. Ne4 Qe7 16. Rfd1 N8c6 17. a3 Nd5 18. Ne5 Nxe5 19. dxe5 Nf4 20. Qe3 Ng6
21. Nd6 Bd5 22. Bxg6 hxg6 23. Rc3 f6 24. f4 Rd7 25. Rdc1 Rad8 26. Qd3 fxe5 27.
fxe5 Qg5 28. Qg3 Qh5 29. R3c2 Rf8 30. h3 Qh6 31. Rf1 Rxf1+ 32. Kxf1 Qh5 33.
Rc8+ Kh7 34. Kg1 Qd1+ 35. Kh2 Qh5 36. Qf4 Qe2 37. Qh4+ Qh5 38. Qf4 Qe2 39. Qg3
Qh5 40. Rf8 Rc7 41. Nf7 Rxf7 42. Rxf7 a6 43. Rf8 b5 44. b4 Qe2 45. Qh4+ Qh5 46.
Qxh5+ gxh5 47. h4 Be4 48. g3 Bd5 49. Kg1 Be4 50. Kf2 g6 51. Ke3 Bd5 52. Kf4 Kg7
53. Rb8 Kh6 54. Rb6 Kg7 55. Rxa6 Kh6 56. Ra5 Bc6 57. a4 bxa4 58. b5 Bd7 59. b6
Bc6 60. Ra7 1-0

[Event "II Zimowy Turniej Klubu Polonia Wroclaw "]
[Site "Wroclaw"]
[Date "2011.??.??"]
[Round "6.9"]
[White "Jankowski, Aleksander"]
[Black "Muzyka, Dominik"]
[Result "1/2-1/2"]
[WhiteElo "1700"]
[BlackElo "1541"]
[PlyCount "113"]
[EventDate "2011.??.??"]

1. e4 c5 2. Nc3 Nc6 3. Bb5 e6 4. Bxc6 bxc6 5. f4 d5 6. d3 Ne7 7. Nf3 g6 8. O-O
Bg7 9. Qe1 O-O 10. Qh4 f5 11. e5 Re8 12. b3 c4 13. dxc4 dxc4 14. Rd1 Qb6+ 15.
Kh1 cxb3 16. axb3 Nd5 17. Na4 Qc7 18. Ba3 Bf8 19. Bxf8 Rxf8 20. Rd2 Qd8 21.
Qxd8 Rxd8 22. c4 Bd7 23. cxd5 cxd5 24. Rc1 Rab8 25. Rd3 Bxa4 26. bxa4 Rb4 27.
Rd4 Rdb8 28. Rc8+ Kg7 29. Rxb8 Rxb8 30. g3 h6 31. Kg2 Kf7 32. Ne1 Rb2+ 33. Kh3
g5 34. fxg5 hxg5 35. g4 f4 36. Nf3 Kg6 37. Nd2 Rb7 38. Kg2 a5 39. h4 Rc7 40.
h5+ Kh6 41. Nb3 Rc3 42. Nxa5 Rg3+ 43. Kf2 Rxg4 44. Nc6 Kxh5 45. a5 Rg3 46. Ra4
Rb3 47. Ra2 g4 48. Nd4 Rd3 49. Ne2 g3+ 50. Kf1 Kg4 51. Ra4 d4 52. Rxd4 Rf3+ 53.
Kg1 Ra3 54. Rxf4+ Kh3 55. Nd4 Rxa5 56. Nxe6 Rxe5 57. Nd4 1/2-1/2

[Event "II Zimowy Turniej Klubu Polonia Wroclaw "]
[Site "Wroclaw"]
[Date "2011.??.??"]
[Round "6.10"]
[White "Lachowicz, Dominik"]
[Black "Drgas, Marlena"]
[Result "1-0"]
[WhiteElo "1680"]
[BlackElo "1445"]
[PlyCount "45"]
[EventDate "2011.??.??"]

1. d4 d5 2. c4 e6 3. Nc3 Nf6 4. Bg5 Be7 5. e3 dxc4 6. Bxc4 O-O 7. Nf3 Nbd7 8.
O-O c5 9. Bxf6 Nxf6 10. d5 exd5 11. Bxd5 Nxd5 12. Qxd5 Be6 13. Qxb7 Rb8 14.
Qxa7 Rxb2 15. Rfd1 Qe8 16. a4 Bf6 17. Ne4 Qc6 18. Nxf6+ gxf6 19. Rdc1 Rc8 20.
Qe7 Bd5 21. Nd4 Qa8 22. Nf5 Bxg2 23. Qxf6 1-0

[Event "II Zimowy Turniej Klubu Polonia Wroclaw"]
[Site "Wroclaw"]
[Date "????.??.??"]
[Round "7"]
[White "Grabarczyk, Miroslaw"]
[Black "Jagiela, Piotr"]
[Result "1-0"]
[WhiteElo "2438"]
[BlackElo "1797"]
[PlyCount "95"]

1. d4 d5 2. c4 c6 3. Nf3 Nf6 4. Qc2 g6 5. Bf4 Bg7 6. e3 Bf5 7. Qc1 Nh5 8. Bxb8
Rxb8 9. cxd5 cxd5 10. Nc3 O-O 11. Qd1 Nf6 12. Qb3 e6 13. Be2 Ne4 14. Rc1 g5 15.
h3 Bg6 16. O-O f5 17. Nxe4 fxe4 18. Ne5 Be8 19. Rc2 Qd6 20. Qc3 Bxe5 21. dxe5
Qb6 22. Qa3 Bd7 23. Rfc1 Rbc8 24. Rxc8 Bxc8 25. Qe7 Qd8 26. Qxd8 Rxd8 27. Rc7
Rf8 28. a4 a5 29. Kh2 Rd8 30. Bb5 Rf8 31. Kg3 h5 32. b3 Rd8 33. Be2 g4 34. hxg4
hxg4 35. Bb5 Kh8 36. Kxg4 Rf8 37. Kg5 Rd8 38. g4 Rg8+ 39. Kh6 Rf8 40. g5 Kg8
41. g6 d4 42. exd4 Rd8 43. g7 b6 44. Bc4 Bd7 45. Rxd7 Rxd7 46. Bxe6+ Rf7 47.
Kg6 e3 48. Bxf7# 1-0

[Event "II Zimowy Turniej Klubu Polonia Wroclaw"]
[Site "Wroclaw"]
[Date "????.??.??"]
[Round "7"]
[White "Skrzypinski, Maciej"]
[Black "Stankiewicz, Pawel"]
[Result "0-1"]
[WhiteElo "1668"]
[BlackElo "2005"]
[PlyCount "57"]

1. d4 Nf6 2. c4 g6 3. Nc3 Bg7 4. Nf3 O-O 5. g3 d6 6. Bg2 Nbd7 7. O-O e5 8. e4
c6 9. Rb1 Re8 10. h3 exd4 11. Nxd4 Nc5 12. Re1 Qb6 13. Be3 Qa6 14. Qe2 Ncxe4
15. Bc1 Bxh3 16. Bxe4 Nxe4 17. Nxe4 Bxd4 18. Bh6 f5 19. Qd3 Qb6 20. Rbd1 Rxe4
21. Rxe4 Bxf2+ 22. Kh2 fxe4 23. Qc3 Qc7 24. Kxh3 c5 25. Qf6 Bd4 26. Qh4 Qf7 27.
Qxe4 Re8 28. Qg4 Qxc4 29. Re1 0-1

[Event "II Zimowy Turniej Klubu Polonia Wroclaw "]
[Site "Wroclaw"]
[Date "2011.??.??"]
[Round "7.3"]
[White "Lachowicz, Judyta"]
[Black "Czyz, Artur"]
[Result "0-1"]
[WhiteElo "1744"]
[BlackElo "2084"]
[PlyCount "58"]
[EventDate "2011.??.??"]

1. e4 e5 2. Nf3 d6 3. Bc4 Be7 4. d3 Nd7 5. Nc3 c6 6. O-O b5 7. Bb3 Ngf6 8. a3
O-O 9. d4 a6 10. Bg5 Qc7 11. Qd2 Bb7 12. Rfe1 Rfe8 13. Rad1 Rad8 14. Bh4 h6 15.
h3 Nf8 16. Bxf6 Bxf6 17. Ne2 exd4 18. Nexd4 c5 19. Nf5 c4 20. Ba2 Rxe4 21. Rxe4
Bxe4 22. N5d4 Bxf3 23. gxf3 Qc5 24. b4 Qh5 25. Kh2 Ng6 26. f4 Nxf4 27. Kg1 Qg5+
28. Kf1 Qg2+ 29. Ke1 Qg1# 0-1

[Event "II Zimowy Turniej Klubu Polonia Wroclaw "]
[Site "Wroclaw"]
[Date "2011.??.??"]
[Round "7.4"]
[White "Somyk, Marcin"]
[Black "Kania, Przemyslaw"]
[Result "1-0"]
[WhiteElo "1895"]
[BlackElo "1831"]
[PlyCount "55"]
[EventDate "2011.??.??"]

1. e4 e5 2. Nf3 Nf6 3. Nxe5 d6 4. Nf3 Nxe4 5. Nc3 Nxc3 6. dxc3 Be7 7. Be3 Nc6
8. Bd3 O-O 9. Qd2 Bg4 10. O-O-O Bxf3 11. gxf3 Ne5 12. Be2 c5 13. Rdg1 Kh8 14.
Qd5 Rb8 15. h4 b5 16. f4 Nd7 17. Qf5 Nf6 18. Rg2 Qd7 19. Qg5 Rg8 20. Bd3 Qe6
21. Kb1 Ne4 22. Qh5 g6 23. Qf3 d5 24. h5 f5 25. hxg6 Rxg6 26. Qh5 Nf6 27. Qxg6
Rg8 28. Rxh7+ 1-0

[Event "II Zimowy Turniej Klubu Polonia Wroclaw "]
[Site "Wroclaw"]
[Date "2011.??.??"]
[Round "7.5"]
[White "Dudek, Dawid"]
[Black "White, John"]
[Result "0-1"]
[WhiteElo "1897"]
[BlackElo "1963"]
[PlyCount "76"]
[EventDate "2011.??.??"]

1. c4 Nf6 2. Nc3 g6 3. g3 d5 4. cxd5 Nxd5 5. Bg2 Nb6 6. d4 Bg7 7. e3 O-O 8.
Nge2 Nc6 9. O-O e5 10. d5 Ne7 11. e4 Nc4 12. Qd3 Nd6 13. f4 f5 14. fxe5 fxe4
15. Rxf8+ Qxf8 16. Nxe4 Bxe5 17. Bg5 Bf5 18. Rf1 Qg7 19. g4 Bxh2+ 20. Kxh2 Bxe4
21. Bxe4 Qe5+ 22. Bf4 Qxe4 23. Qd2 Nc4 24. Qd1 Nxb2 25. Qd2 Nc4 26. Qd1 Qxd5
27. Qa1 Qe6 28. Ng3 Nd5 29. Bh6 Qe5 30. Qc1 Nce3 31. Bxe3 Nxe3 32. Re1 Nxg4+
33. Kh3 Nf2+ 34. Kg2 Qd4 35. Qxc7 Rf8 36. Qxb7 Ng4 37. Re2 Ne3+ 38. Kh2 Qh4+
0-1

[Event "II Zimowy Turniej Klubu Polonia Wroclaw "]
[Site "Wroclaw"]
[Date "2011.??.??"]
[Round "7.6"]
[White "Wrobel, Maciej"]
[Black "Grochocinska, Urszula"]
[Result "1/2-1/2"]
[WhiteElo "1895"]
[BlackElo "1753"]
[PlyCount "75"]
[EventDate "2011.??.??"]

1. e4 e5 2. Nf3 Nc6 3. d4 exd4 4. Bc4 Nf6 5. O-O Nxe4 6. Re1 d5 7. Bxd5 Qxd5 8.
Nc3 Qh5 9. Nxe4 Be6 10. Bg5 Bd6 11. Nxd6+ cxd6 12. Bf4 O-O-O 13. Nxd4 Qxd1 14.
Raxd1 Nxd4 15. Rxd4 d5 16. Re3 Rd7 17. Be5 Rg8 18. Rg3 f6 19. Rc3+ Kd8 20. Bb8
a6 21. a4 Ke7 22. Bg3 Re8 23. Kf1 Kf8 24. Rc5 Rdd8 25. c3 Rc8 26. Rxc8 Rxc8 27.
Bd6+ Ke8 28. Rb4 Kd7 29. Bf4 Kc6 30. a5 b5 31. axb6 Kb7 32. Bc7 Bd7 33. Rd4
Bb5+ 34. Ke1 Re8+ 35. Kd1 Bc4 36. Kc2 Re2+ 37. Rd2 Bb3+ 38. Kd3 1/2-1/2

[Event "II Zimowy Turniej Klubu Polonia Wroclaw "]
[Site "Wroclaw"]
[Date "2011.??.??"]
[Round "7.7"]
[White "Szyler, Bartosz"]
[Black "Lachowicz, Dominik"]
[Result "0-1"]
[WhiteElo "1569"]
[BlackElo "1680"]
[PlyCount "44"]
[EventDate "2011.??.??"]

1. e4 e6 2. d4 d5 3. exd5 exd5 4. Nf3 Nf6 5. Bd3 Bd6 6. O-O O-O 7. c3 h6 8. h3
c6 9. Re1 Nbd7 10. Nbd2 Nh5 11. Ne5 Nf4 12. Bc2 Nxe5 13. dxe5 Qg5 14. g3 Nxh3+
15. Kf1 Bc5 16. Ne4 Qe7 17. Bxh6 dxe4 18. Bxg7 Kxg7 19. Bxe4 Nxf2 20. Qf3 Bh3+
21. Kg1 Nxe4+ 22. Kh2 Rh8 0-1

[Event "II Zimowy Turniej Klubu Polonia Wroclaw "]
[Site "Wroclaw"]
[Date "2011.??.??"]
[Round "8.1"]
[White "Somyk, Marcin"]
[Black "Grabarczyk, Miroslaw"]
[Result "1/2-1/2"]
[WhiteElo "1895"]
[BlackElo "2438"]
[PlyCount "34"]
[EventDate "2011.??.??"]

1. e4 e5 2. Nf3 Nc6 3. Bc4 Bc5 4. O-O Nf6 5. d4 Bxd4 6. Nxd4 Nxd4 7. f4 d6 8.
fxe5 dxe5 9. Bg5 Be6 10. Na3 Qe7 11. Bxf6 gxf6 12. c3 Bxc4 13. Nxc4 Qc5 14.
cxd4 Qxc4 15. Rc1 Qxd4+ 16. Qxd4 exd4 17. Rxc7 O-O 1/2-1/2

[Event "II Zimowy Turniej Klubu Polonia Wroclaw"]
[Site "Wroclaw"]
[Date "2011.??.??"]
[Round "8"]
[White "Stankiewicz, Pawel"]
[Black "White, John"]
[Result "1-0"]
[WhiteElo "2005"]
[BlackElo "1963"]
[PlyCount "89"]
[EventDate "2011.??.??"]

1. e4 e5 2. Nf3 Nc6 3. Bb5 a6 4. Ba4 Nf6 5. O-O Be7 6. Re1 b5 7. Bb3 d6 8. c3
O-O 9. h3 Nb8 10. d4 Nbd7 11. Bc2 Bb7 12. b3 Re8 13. Nbd2 Bf8 14. d5 c6 15. c4
Qc7 16. Nf1 cxd5 17. cxd5 Rac8 18. Ne3 g6 19. Bd2 Nc5 20. Rc1 Qb6 21. Ng4 Nxg4
22. hxg4 Qd8 23. g5 Be7 24. Be3 Rf8 25. Qd2 Qe8 26. Nh2 f6 27. gxf6 Bxf6 28.
Bh6 Bg7 29. Bxg7 Kxg7 30. Bd1 Qf7 31. Qe3 Qf4 32. Bg4 Qxe3 33. Rxe3 Rce8 34. b4
Na4 35. Nf3 h6 36. Be6 Bc8 37. Rc7+ Kf6 38. Rc6 Rxe6 39. dxe6 Kxe6 40. Nh4 Nb2
41. Nxg6 Rd8 42. Rc7 Kf6 43. Ne7 Bd7 44. Nd5+ Kg6 45. Rg3+ 1-0